|
|
|
|
| LEADER |
00000cam a2200000 a 4500 |
| 001 |
vtls011569781 |
| 003 |
SK-MaSNL |
| 005 |
20260301041423.0 |
| 008 |
240318s2016 xo af g 000 m cze |
| 015 |
|
|
|a SNBA2017/01
|
| 020 |
|
|
|a 9788081004544
|q (brož.)
|
| 035 |
|
|
|a F570C935-8F37-4968-B505-2791C3DF52B8
|
| 035 |
|
|
|a urn:nbn:sk:snk-amtiqa
|
| 035 |
|
|
|a urn:nbn:sk:snk-am00c3a3
|
| 040 |
|
|
|a SNK
|b slo
|c SNK
|e AACR2
|
| 041 |
0 |
|
|a cze
|
| 044 |
|
|
|a xo
|c SK
|
| 072 |
|
7 |
|a 25
|x Náboženstvo, mytológia, kulty
|2 konspekt
|
| 080 |
|
|
|a 257.7
|2 2011
|
| 080 |
|
|
|a (=16)
|2 2011
|
| 080 |
|
|
|a (048.8)
|2 2011
|
| 080 |
|
|
|a 257.7-14-162.4
|2 2001
|
| 080 |
|
|
|a (0:82-343)
|2 2001
|
| 100 |
1 |
|
|a Kuzmišín, Peter,
|d 1976-
|4 aut
|9 176421
|
| 245 |
1 |
0 |
|a Bohové starých Slovanů
|c Peter Weleslaw Kuzmišín ; [ilustrace Viera Šinalová]
|
| 250 |
|
|
|a 1. vyd.
|
| 260 |
|
|
|a Bratislava
|b Eugenika
|c 2016
|
| 300 |
|
|
|a 293 s.
|b fareb. ilustr.
|c 20 cm
|
| 500 |
|
|
|a Na obale: První kniha, která představuje naše stará božstva a příběhy s nimi spojené
|
| 504 |
|
|
|a Bibliogr.: s. 291-293
|
| 650 |
0 |
7 |
|a slovanská mytológia
|2 SNKPH
|9 66207
|
| 650 |
0 |
7 |
|a Slavic mythology
|2 SNKPHeng
|9 322442
|
| 650 |
0 |
7 |
|a Slavs
|2 SNKPHeng
|9 297567
|
| 650 |
0 |
7 |
|a Slovania
|2 SNKPH
|9 18587
|
| 650 |
0 |
7 |
|a Slavic gods
|2 SNKPHeng
|9 343129
|
| 650 |
0 |
7 |
|a slovanskí bohovia
|2 SNKPH
|9 85252
|
| 655 |
|
7 |
|a monografie
|2 SNKPH
|9 70139
|
| 655 |
|
7 |
|a Monographs
|2 SNKPHeng
|9 120675
|
| 655 |
|
7 |
|a Myths
|2 SNKPHeng
|9 326404
|
| 655 |
|
7 |
|a mýty
|2 SNKPH
|9 70530
|
| 655 |
|
7 |
|a legendy
|2 SNKPH
|9 70589
|
| 655 |
|
7 |
|a Legends
|2 SNKPHeng
|9 289776
|
| 700 |
1 |
|
|a Šinalová, Viera
|4 ill
|9 343130
|
| 852 |
|
|
|a Štátna vedecká knižnica v Banskej Bystrici
|
| 919 |
|
|
|a 978-80-8100-454-4
|
| 958 |
|
|
|a NT
|
| 958 |
|
|
|a NB
|
| 999 |
|
|
|c 588413
|d 590343
|
| 952 |
|
|
|a SNK
|b SNK
|y PREZ
|7 0
|p 17A1218720
|o snkSD 85844
|i snk2016/27463
|8 0
|0 0
|1 0
|4 0
|d 2016-11-28
|f 1
|l 0
|r 2026-02-23 15:16:04
|w 2026-02-23
|
| 952 |
|
|
|a SNK
|b SNK
|y VYP
|7 0
|p 17A1218721
|o snkSD 85844 D1
|i snk2016/27464
|8 0
|0 0
|1 0
|4 0
|d 2016-11-28
|l 0
|r 2026-02-23 15:16:04
|w 2026-02-23
|